A kutatásetikai kérdések elmélete és gyakorlata

Elmentve itt :
Bibliográfiai részletek
Szerző: Fűzné Kószó Mária
Testületi szerző: SZTE JGYPK Tanító-és Óvóképző Intézet TDK szakmai előadás
Dokumentumtípus: Prezentáció
Megjelent: 2012
Kulcsszavak:tudományos kutatás
etika
Tárgyszavak:
Online Access:http://eta.bibl.u-szeged.hu/4186
LEADER 00756nnm a2200205 i 4500
001 eta4186
005 20201211120310.0
008 201211s2012 hu o 0|| hun d
040 |a SZTE Elektronikus Tananyag Archívum  |b hun 
041 |a hun 
100 2 |a Fűzné Kószó Mária 
245 1 2 |a A kutatásetikai kérdések elmélete és gyakorlata  |h [elektronikus dokumentum] /  |c  Fűzné Kószó Mária 
260 |c 2012 
300 |a 12 
516 |a Presentation 
650 4 |a Bölcsészettudományok 
695 |a tudományos kutatás 
695 |a etika 
711 |a SZTE JGYPK Tanító-és Óvóképző Intézet TDK szakmai előadás  |c Szeged, Magyarország  |d 2012.április 26. 
856 4 0 |u https://eta.bibl.u-szeged.hu/4186/1/2010-0012_93_02.pdf  |z Dokumentum-elérés